[Event "Aeroflot Open A 2019"]
[Site "Moscow RUS"]
[Date "2019.02.22"]
[Round "3"]
[White "Mamedov, Rauf"]
[Black "Donchenko, Alexander"]
[Result "1/2-1/2"]
[WhiteElo "2703"]
[BlackElo "2600"]
[PlyCount "69"]
[EventDate "2019.02.20"]

1. e4 c6 2. Nc3 d5 3. d4 dxe4 4. Nxe4 Bf5 5. Ng3 Bg6 6. h4 h6 7. Nf3 Nd7 8. h5
Bh7 9. Bd3 Bxd3 10. Qxd3 e6 11. Bd2 Ngf6 12. O-O-O Be7 13. Kb1 Qb6 14. Nh4
O-O-O 15. c4 Kb8 16. Bf4+ Ka8 17. Nf3 Rhe8 18. Qc2 Ng4 19. c5 Qb5 20. Ne4 Ndf6
21. Nc3 Qa5 22. Rh4 Rg8 23. Re1 Qa6 24. Bg3 g5 25. hxg6 Rxg6 26. Rhh1 Nd5 27.
Nxd5 Rxd5 28. a3 Qa5 29. Re4 Qd8 30. Ka1 Rg8 31. Qe2 h5 32. Rf4 Bf6 33. Re4 Be7
34. Rf4 Bf6 35. Re4 1/2-1/2

[Event "Aeroflot Open A 2019"]
[Site "Moscow RUS"]
[Date "2019.02.22"]
[Round "3"]
[White "Dubov, Daniil"]
[Black "Harika, Dronavalli"]
[Result "1-0"]
[WhiteElo "2703"]
[BlackElo "2471"]
[PlyCount "115"]
[EventDate "2019.02.20"]

1. e4 e6 2. d4 d5 3. Nd2 c5 4. Ngf3 cxd4 5. Nxd4 Nf6 6. exd5 Nxd5 7. c3 a6 8.
N2f3 Qc7 9. Bd3 Bd7 10. O-O Nc6 11. Re1 Nxd4 12. Nxd4 Bd6 13. Qh5 O-O-O 14.
Qxf7 Bxh2+ 15. Kh1 Bf4 16. Nxe6 Bxe6 17. Qxc7+ Nxc7 18. Bxf4 Rxd3 19. Bxc7 Bxa2
20. Bg3 Bd5 21. Re7 h5 22. Rc7+ Kd8 23. Rxg7 h4 24. Bc7+ Kc8 25. Kh2 Rg8 26.
Rxg8+ Bxg8 27. Bf4 Be6 28. Be3 Rd5 29. Ra4 Rb5 30. Bc1 Rf5 31. Be3 Rb5 32. Re4
Kd7 33. b4 Rh5 34. c4 Rh7 35. Rd4+ Ke8 36. f3 Kf8 37. c5 Bd7 38. Bh6+ Ke8 39.
Rxh4 Kf7 40. g4 Bc6 41. f4 Rh8 42. f5 Re8 43. Kg3 Re4 44. Bd2 Rd4 45. Rh7+ Kg8
46. Rh8+ Kf7 47. Bf4 Rxb4 48. g5 Rb1 49. g6+ Kf6 50. Rf8+ Ke7 51. Bd6+ Kd7 52.
Rf7+ Ke8 53. Kf4 a5 54. f6 Rf1+ 55. Kg5 a4 56. Re7+ Kd8 57. f7 Bd5 58. g7 1-0

[Event "Champions Showdown (blitz) 2019"]
[Site "Saint Louis USA"]
[Date "2019.02.23"]
[Round "1"]
[White "Harikrishna, Pentala"]
[Black "Caruana, Fabiano"]
[Result "0-1"]
[WhiteElo "2726"]
[BlackElo "2828"]
[PlyCount "72"]
[EventDate "2019.02.23"]

1. c4 e5 2. Nc3 Nf6 3. e3 Bb4 4. Nge2 c6 5. a3 Ba5 6. b4 Bc7 7. Bb2 O-O 8. d4
d5 9. cxd5 cxd5 10. Nb5 e4 11. Nxc7 Qxc7 12. h3 Nc6 13. Nf4 Be6 14. g4 Rac8 15.
g5 Ne8 16. g6 hxg6 17. Rg1 Qd7 18. h4 Nf6 19. h5 Bg4 20. Rxg4 Qxg4 21. Qxg4
Nxg4 22. hxg6 Ne7 23. gxf7+ Kxf7 24. Kd2 g5 25. Nh3 Kg6 26. f4 Nf5 27. Be2
Ngxe3 28. Bc3 Rh8 29. Nxg5 Rh2 30. Rg1 Kf6 31. b5 Rxc3 32. Kxc3 Rxe2 33. Nh7+
Ke7 34. Rg6 Rc2+ 35. Kb4 Rc4+ 36. Ka5 Nxd4 0-1

[Event "Champions Showdown (blitz) 2019"]
[Site "Saint Louis USA"]
[Date "2019.02.23"]
[Round "1"]
[White "Duda, Jan-Krzysztof"]
[Black "Nakamura, Hikaru"]
[Result "0-1"]
[WhiteElo "2731"]
[BlackElo "2749"]
[PlyCount "114"]
[EventDate "2019.02.23"]

1. c4 Nf6 2. Nf3 e6 3. g3 d5 4. Bg2 Be7 5. O-O O-O 6. b3 c5 7. Bb2 Nc6 8. cxd5
Nxd5 9. Na3 b6 10. Nc4 Ba6 11. Rc1 Rc8 12. a3 Bf6 13. Bxf6 Qxf6 14. d3 Rfd8 15.
Qd2 Qe7 16. Qb2 Qf6 17. Nce5 Nde7 18. Rc2 Nd4 19. Nxd4 Qxe5 20. Nf3 Qxb2 21.
Rxb2 Bb7 22. Rc1 Bd5 23. Kf1 f6 24. Bh3 Kf7 25. Nd2 Bb7 26. Rbc2 h5 27. b4 cxb4
28. axb4 b5 29. Nb3 Rxc2 30. Rxc2 Bd5 31. Nc5 f5 32. f3 g5 33. e4 Bc6 34. Ra2
g4 35. Bg2 Rd4 36. Rxa7 Rxb4 37. Ra2 Rb1+ 38. Kf2 b4 39. exf5 exf5 40. fxg4
hxg4 41. Ke3 b3 42. Rf2 Bxg2 43. Rxg2 Nc6 44. Kf4 b2 45. Kg5 Nd4 46. Na4 Ne6+
47. Kh5 Ra1 48. Rxb2 Rxa4 49. Rb7+ Kf6 50. Rh7 Ra2 51. Rh6+ Kf7 52. Rh7+ Kf6
53. Rh6+ Ke5 54. Kg6 Nd4 55. Rh8 Ra6+ 56. Kf7 Nf3 57. h4 gxh3 0-1

[Event "Champions Showdown (blitz) 2019"]
[Site "Saint Louis USA"]
[Date "2019.02.23"]
[Round "1"]
[White "Navara, David"]
[Black "So, Wesley"]
[Result "0-1"]
[WhiteElo "2738"]
[BlackElo "2765"]
[PlyCount "81"]
[EventDate "2019.02.23"]

1. d4 Nf6 2. c4 e6 3. Nc3 Bb4 4. f3 d5 5. a3 Bxc3+ 6. bxc3 c5 7. cxd5 Nxd5 8.
dxc5 Qa5 9. e4 Nf6 10. Be3 O-O 11. Kf2 Rd8 12. Qb3 Nfd7 13. Rd1 Rf8 14. Nh3 Qc7
15. Bb5 Nxc5 16. Qc4 b6 17. Bxc5 bxc5 18. Qd3 Qa5 19. e5 h6 20. Bc4 Ba6 21.
Bxa6 Nxa6 22. Qc4 Rad8 23. Nf4 Nc7 24. a4 Nd5 25. Nxd5 exd5 26. Rxd5 Rxd5 27.
Qxd5 Qxc3 28. Rd1 c4 29. e6 fxe6 30. Qxe6+ Kh8 31. Qe2 Qb4 32. Rd4 Rc8 33. Qe6
Qc5 34. Qd5 Qb6 35. a5 Qb2+ 36. Rd2 Qb4 37. Rd4 Qb2+ 38. Kg3 c3 39. Rc4 Qb8+
40. f4 c2 41. Qe6 0-1

[Event "Champions Showdown (blitz) 2019"]
[Site "Saint Louis USA"]
[Date "2019.02.23"]
[Round "1"]
[White "Rapport, Richard"]
[Black "Shankland, Samuel"]
[Result "0-1"]
[WhiteElo "2735"]
[BlackElo "2731"]
[PlyCount "98"]
[EventDate "2019.02.23"]

1. d4 Nf6 2. Bg5 e6 3. Nc3 Bb4 4. e4 h6 5. Bd2 d5 6. exd5 exd5 7. Bd3 O-O 8.
Nge2 c5 9. dxc5 Bxc5 10. O-O Nc6 11. a3 Ne5 12. Nf4 Re8 13. Bb5 Bg4 14. Be2 d4
15. Na2 Rc8 16. Nc1 Bd6 17. f3 Bf5 18. Ncd3 Nxd3 19. Bxd3 Qd7 20. a4 Bxd3 21.
Nxd3 Nd5 22. Re1 Qf5 23. Rxe8+ Rxe8 24. Qf1 Qh5 25. g3 Ne3 26. Bxe3 Rxe3 27.
Kg2 Qa5 28. Re1 Qxa4 29. Rxe3 dxe3 30. Qe2 Qd4 31. c3 Qb6 32. b4 a6 33. Nb2 Bf8
34. Nd1 a5 35. bxa5 Qb3 36. Nxe3 Qxc3 37. Nc4 g6 38. h4 h5 39. Qe4 Bc5 40. Qe8+
Kg7 41. Ne5 Qc2+ 42. Kh3 Qf5+ 43. Kg2 Bd6 44. f4 Qe4+ 45. Kh2 Qe2+ 46. Kh3 Bxe5
47. fxe5 Qf1+ 48. Kh2 Qf2+ 49. Kh3 Qg1 0-1

[Event "Champions Showdown (blitz) 2019"]
[Site "Saint Louis USA"]
[Date "2019.02.23"]
[Round "2"]
[White "Caruana, Fabiano"]
[Black "Harikrishna, Pentala"]
[Result "1-0"]
[WhiteElo "2828"]
[BlackElo "2726"]
[PlyCount "69"]
[EventDate "2019.02.23"]

1. e4 c5 2. Nf3 e6 3. d4 cxd4 4. Nxd4 Nc6 5. Nc3 Qc7 6. Ndb5 Qb8 7. f4 a6 8.
Nd4 Nxd4 9. Qxd4 b5 10. Be3 Ne7 11. O-O-O Nc6 12. Qd2 d6 13. g4 Qc7 14. Kb1 Rb8
15. g5 Na5 16. b3 Bd7 17. f5 Qb7 18. Qf2 Nc4 19. Bc1 Ne5 20. Bh3 Qc7 21. Ne2
Bc6 22. Nd4 Bxe4 23. Rhe1 Bxf5 24. Bxf5 exf5 25. Nxf5 g6 26. Ne3 Bg7 27. Ba3
O-O 28. Nd5 Qd8 29. Bxd6 Qxg5 30. h4 Ng4 31. Qg3 Qh5 32. Bxb8 Nh6 33. Be5 Nf5
34. Qc3 Bxe5 35. Qxe5 1-0

[Event "Champions Showdown (blitz) 2019"]
[Site "Saint Louis USA"]
[Date "2019.02.23"]
[Round "2"]
[White "Nakamura, Hikaru"]
[Black "Duda, Jan-Krzysztof"]
[Result "1/2-1/2"]
[WhiteElo "2749"]
[BlackElo "2731"]
[PlyCount "92"]
[EventDate "2019.02.23"]

1. c4 c6 2. Nf3 d5 3. e3 Nf6 4. d4 e6 5. Nbd2 Nbd7 6. Bd3 Bd6 7. e4 e5 8. cxd5
cxd5 9. exd5 O-O 10. O-O exd4 11. Ne4 Nxe4 12. Bxe4 Nf6 13. Qxd4 Nxe4 14. Qxe4
Re8 15. Qd4 Bf5 16. Bg5 Qa5 17. Bd2 Qb6 18. Bc3 Qxd4 19. Nxd4 Bd7 20. Rfe1 f6
21. Ne6 Kf7 22. Nd4 Rac8 23. Rxe8 Rxe8 24. Re1 Rxe1+ 25. Bxe1 Be5 26. Bc3 Bxd4
27. Bxd4 a5 28. a3 a4 29. f3 Bb5 30. Kf2 Bc4 31. d6 Ke6 32. Bc5 b6 33. Bb4 Bb5
34. h4 f5 35. Ke3 h5 36. Kf4 g6 37. Kg5 Kf7 38. Bc3 Bc6 39. Bd4 b5 40. Bc5 Bd7
41. Bb4 Bc6 42. Kf4 Ke6 43. Ke3 Kd5 44. Kf4 Ke6 45. Ke3 Kd5 46. Kf4 Ke6 1/2-1/2

[Event "Champions Showdown (blitz) 2019"]
[Site "Saint Louis USA"]
[Date "2019.02.23"]
[Round "2"]
[White "So, Wesley"]
[Black "Navara, David"]
[Result "0-1"]
[WhiteElo "2765"]
[BlackElo "2738"]
[PlyCount "60"]
[EventDate "2019.02.23"]

1. e4 c6 2. d4 d5 3. exd5 cxd5 4. Bd3 Nc6 5. c3 Nf6 6. h3 g6 7. Bf4 Bf5 8. Be2
Bg7 9. Nd2 O-O 10. Ngf3 Ne4 11. O-O f6 12. Nxe4 Bxe4 13. Re1 e5 14. dxe5 fxe5
15. Be3 h6 16. Qb3 Kh7 17. Rad1 d4 18. cxd4 exd4 19. Bc1 Bd5 20. Qa3 Qf6 21. b4
Rae8 22. Bb2 Qf4 23. Bc1 Qf7 24. Bb2 Re4 25. Bf1 Rf4 26. b5 Bxf3 27. bxc6 Bxd1
28. Re7 Qf6 29. cxb7 Rxf2 30. Bc4 Rxg2+ 0-1

[Event "Champions Showdown (blitz) 2019"]
[Site "Saint Louis USA"]
[Date "2019.02.23"]
[Round "2"]
[White "Shankland, Samuel"]
[Black "Rapport, Richard"]
[Result "0-1"]
[WhiteElo "2731"]
[BlackElo "2735"]
[PlyCount "99"]
[EventDate "2019.02.23"]

1. d4 Nf6 2. c4 d6 3. Nf3 g6 4. Nc3 Bg7 5. e4 O-O 6. Be2 e5 7. O-O Nbd7 8. Qc2
Qe7 9. Be3 c6 10. Rad1 h6 11. d5 c5 12. Ne1 Kh8 13. Nd3 Ng8 14. a3 b6 15. b4
Ba6 16. bxc5 Nxc5 17. Nb4 Bc8 18. a4 f5 19. f3 Nf6 20. a5 Nh5 21. Ra1 Bd7 22.
Nc6 Qf6 23. Nb5 Nf4 24. g3 Nh3+ 25. Kh1 f4 26. Bxc5 bxc5 27. g4 h5 28. gxh5
gxh5 29. Ncxa7 Bh6 30. Nc6 Rf7 31. a6 Rg7 32. a7 Qg5 33. Bd3 Qf6 34. Nb8 Bxb5
35. cxb5 Raxa7 36. Rxa7 Rxa7 37. Nc6 Rb7 38. Qg2 Ng5 39. Qa2 Kh7 40. b6 Nh3 41.
Qg2 Ng5 42. Rb1 Bf8 43. Ba6 Rg7 44. Bc8 Nxe4 45. Qc2 Qg5 46. fxe4 f3 47. Bf5+
Kh6 48. b7 Qe3 49. b8=Q f2 50. Qc1 0-1

[Event "Champions Showdown (blitz) 2019"]
[Site "Saint Louis USA"]
[Date "2019.02.23"]
[Round "3"]
[White "Harikrishna, Pentala"]
[Black "Caruana, Fabiano"]
[Result "0-1"]
[WhiteElo "2726"]
[BlackElo "2828"]
[PlyCount "68"]
[EventDate "2019.02.23"]

1. d4 Nf6 2. Nf3 e6 3. Bg5 d5 4. Nbd2 Be7 5. e3 O-O 6. Bd3 c5 7. c3 b6 8. Qe2
Bb7 9. O-O Nbd7 10. Rad1 h6 11. Bh4 a6 12. Ne5 b5 13. f4 b4 14. f5 exf5 15.
Bxf5 bxc3 16. bxc3 Nxe5 17. dxe5 Nd7 18. Bg3 Nb6 19. Ne4 Bc8 20. Nd6 Bxd6 21.
exd6 Bxf5 22. Rxf5 Qd7 23. Rdf1 Rae8 24. Rh5 Nc4 25. Bf4 f5 26. Qd3 Qe6 27. Rd1
Nb2 28. Qxd5 Nxd1 29. Qxd1 Rb8 30. h3 Rb2 31. Qf3 Rxa2 32. Qb7 Rd2 33. Qxa6 Qg6
34. Qc4+ Kh7 0-1

[Event "Champions Showdown (blitz) 2019"]
[Site "Saint Louis USA"]
[Date "2019.02.23"]
[Round "3"]
[White "Navara, David"]
[Black "So, Wesley"]
[Result "1-0"]
[WhiteElo "2738"]
[BlackElo "2765"]
[PlyCount "97"]
[EventDate "2019.02.23"]

1. c4 c5 2. Nf3 Nf6 3. Nc3 Nc6 4. d4 cxd4 5. Nxd4 e6 6. g3 Qb6 7. Ndb5 Ne5 8.
Bg2 a6 9. Na4 Qd8 10. Nbc3 Nxc4 11. b3 Ne5 12. Bf4 d6 13. Bxe5 dxe5 14. Qxd8+
Kxd8 15. Nb6 Rb8 16. O-O Bc5 17. Rfd1+ Ke7 18. Nca4 Bxb6 19. Nxb6 Nd7 20. Nc4
b6 21. Rac1 Rd8 22. b4 a5 23. b5 f6 24. Bc6 Nf8 25. Rxd8 Kxd8 26. Rd1+ Kc7 27.
Rd6 h6 28. a4 Ng6 29. Be8 Ne7 30. Bf7 Bd7 31. Bxe6 Be8 32. e4 Nc8 33. Bxc8 Rxc8
34. Rxb6 Rd8 35. Ra6 Rd4 36. Nxa5 Rxa4 37. b6+ Kb8 38. b7 Rxa5 39. Rxa5 Kxb7
40. Rc5 Bc6 41. f3 Kc7 42. Ra5 Kd6 43. Ra7 Bd7 44. h4 h5 45. Kf2 g5 46. Ra8 Ke7
47. Rh8 Be8 48. Ke3 Kf7 49. hxg5 1-0

[Event "Champions Showdown (blitz) 2019"]
[Site "Saint Louis USA"]
[Date "2019.02.23"]
[Round "3"]
[White "Topalov, Veselin"]
[Black "Dominguez Perez, Leinier"]
[Result "1/2-1/2"]
[WhiteElo "2740"]
[BlackElo "2739"]
[PlyCount "56"]
[EventDate "2019.02.23"]

1. d4 Nf6 2. c4 e6 3. Nc3 Bb4 4. Qc2 O-O 5. Nf3 c5 6. dxc5 Na6 7. g3 Nxc5 8.
Bg2 Nce4 9. O-O Nxc3 10. bxc3 Be7 11. e4 d6 12. e5 dxe5 13. Nxe5 Qc7 14. Qe2
Nd7 15. Bf4 Nxe5 16. Bxe5 Bd6 17. Rfe1 Rb8 18. Bxd6 Qxd6 19. Rad1 Qc5 20. Qe5
Qxe5 21. Rxe5 b6 22. c5 Ba6 23. h4 Rfd8 24. Rb1 Bc4 25. cxb6 Rxb6 26. Rb4 Bxa2
27. Ra5 Bd5 28. Bxd5 exd5 1/2-1/2

[Event "Champions Showdown (blitz) 2019"]
[Site "Saint Louis USA"]
[Date "2019.02.23"]
[Round "3"]
[White "Rapport, Richard"]
[Black "Shankland, Samuel"]
[Result "1/2-1/2"]
[WhiteElo "2735"]
[BlackElo "2731"]
[PlyCount "82"]
[EventDate "2019.02.23"]

1. d4 Nf6 2. Nc3 d5 3. Bf4 g6 4. e3 Bg7 5. Nb5 Na6 6. Nf3 O-O 7. h3 Bf5 8. a3
c5 9. Be2 Ne4 10. O-O Qb6 11. c3 Rfd8 12. a4 Rd7 13. Ne5 Rdd8 14. b3 Bd7 15.
Qe1 Be8 16. Bd3 Rdc8 17. Bh2 Nd6 18. Qe2 cxd4 19. exd4 Nxb5 20. axb5 Nc7 21.
Qf3 Nxb5 22. Bxb5 Qxb5 23. b4 b6 24. Rfe1 f6 25. Ng4 Qd7 26. Bf4 h5 27. Ne3 e6
28. Ra3 a5 29. bxa5 bxa5 30. g4 g5 31. Bh2 h4 32. c4 dxc4 33. d5 Bf7 34. Nxc4
Rxc4 35. dxe6 Qc6 36. exf7+ Kxf7 37. Qf5 Rc1 38. Rae3 Rxe1+ 39. Rxe1 Re8 40.
Qxa5 Rxe1+ 41. Qxe1 Bf8 1/2-1/2

[Event "Champions Showdown (blitz) 2019"]
[Site "Saint Louis USA"]
[Date "2019.02.23"]
[Round "4"]
[White "Caruana, Fabiano"]
[Black "Harikrishna, Pentala"]
[Result "1-0"]
[WhiteElo "2828"]
[BlackElo "2726"]
[PlyCount "67"]
[EventDate "2019.02.23"]

1. e4 Nf6 2. e5 Ng8 3. d4 d6 4. Nf3 Bf5 5. Nc3 e6 6. Bd3 Bg6 7. O-O d5 8. Ne2
c5 9. c3 Nc6 10. Nf4 Bxd3 11. Qxd3 cxd4 12. cxd4 Nge7 13. Nh5 Qb6 14. Be3 Nf5
15. g4 Nfe7 16. Rfc1 h6 17. Rc3 O-O-O 18. a3 Kb8 19. b4 Nc8 20. Rac1 a6 21. Nd2
Qb5 22. Qc2 Nb6 23. h3 Rc8 24. Kg2 Be7 25. Qd1 f6 26. Nxg7 fxe5 27. Nxe6 Bf6
28. Nf3 e4 29. Ne5 Bxe5 30. dxe5 Nc4 31. a4 Qxb4 32. Qxd5 N6xe5 33. Bf4 Ka7 34.
Bxe5 1-0

[Event "Champions Showdown (blitz) 2019"]
[Site "Saint Louis USA"]
[Date "2019.02.23"]
[Round "4"]
[White "Nakamura, Hikaru"]
[Black "Duda, Jan-Krzysztof"]
[Result "1-0"]
[WhiteElo "2749"]
[BlackElo "2731"]
[PlyCount "131"]
[EventDate "2019.02.23"]

1. c4 c6 2. Nf3 d5 3. d4 Nf6 4. e3 e6 5. Nbd2 Nbd7 6. Bd3 Bd6 7. e4 e5 8. cxd5
cxd5 9. exd5 O-O 10. O-O exd4 11. Nxd4 Nb6 12. Nf5 Bf4 13. d6 Bxf5 14. Bxf5
Qxd6 15. g3 Bxd2 16. Qxd2 Qc5 17. Qc2 Rac8 18. Qb1 Rc6 19. Be3 Qb5 20. Qd3 Qxd3
21. Bxd3 Nbd5 22. Bd2 Rd8 23. Rfd1 Rcd6 24. Bc2 Nb6 25. Bf4 Rxd1+ 26. Rxd1
Rxd1+ 27. Bxd1 Nfd5 28. Be5 Nc8 29. Bf3 Nce7 30. Bd6 b6 31. Kf1 f6 32. Be2 Kf7
33. Bc4 Ke8 34. Ke2 Kd7 35. Ba3 Kc6 36. Bd3 g6 37. Kd2 a5 38. Be4 f5 39. Bf3
Kd7 40. Kd3 Nc7 41. b3 Nc6 42. Be2 Nb5 43. Bb2 Nd6 44. a3 Ne4 45. Ke3 Ne7 46.
f3 Nd6 47. Kd4 Nc6+ 48. Kd5 Nd8 49. a4 Ne6 50. Ke5 Nd8 51. Ba3 Nc6+ 52. Kd5
Ne7+ 53. Kd4 Nc6+ 54. Kd5 Ne7+ 55. Kd4 Nc6+ 56. Ke3 Nb4 57. Bxb4 axb4 58. Kd4
Ke6 59. f4 h6 60. Bf3 g5 61. fxg5 hxg5 62. Bd5+ Kf6 63. h4 f4 64. hxg5+ Kxg5
65. Ke5 Nc4+ 66. Bxc4 1-0

[Event "Champions Showdown (blitz) 2019"]
[Site "Saint Louis USA"]
[Date "2019.02.23"]
[Round "4"]
[White "So, Wesley"]
[Black "Navara, David"]
[Result "1/2-1/2"]
[WhiteElo "2765"]
[BlackElo "2738"]
[PlyCount "93"]
[EventDate "2019.02.23"]

1. e4 c6 2. d4 d5 3. Nc3 dxe4 4. Nxe4 Bf5 5. Ng3 Bg6 6. h4 h6 7. Nf3 Nd7 8. h5
Bh7 9. Bd3 Bxd3 10. Qxd3 e6 11. Bd2 Ngf6 12. O-O-O Be7 13. Ne4 O-O 14. Kb1 Nxe4
15. Qxe4 Nf6 16. Qe2 Qd5 17. c4 Qe4+ 18. Qxe4 Nxe4 19. Be3 f5 20. g3 Bg5 21.
Bxg5 hxg5 22. Rhf1 Rad8 23. Ne5 Rd6 24. g4 Rfd8 25. f3 Ng3 26. Rg1 Ne2 27. Rg2
Rxd4 28. Rxd4 Nxd4 29. gxf5 Nxf5 30. Rxg5 Rd1+ 31. Kc2 Re1 32. f4 Re4 33. h6
Nxh6 34. Rg6 Nf5 35. Rxe6 Kh7 36. Re8 Rxf4 37. Kc3 Re4 38. Kd3 Re3+ 39. Kd2 g5
40. Re6 g4 41. Re7+ Kg8 42. Re8+ Kg7 43. Re7+ Nxe7 44. Kxe3 Nf5+ 45. Kf4 Nd6
46. c5 Nf7 47. Nxg4 1/2-1/2

[Event "Champions Showdown (blitz) 2019"]
[Site "Saint Louis USA"]
[Date "2019.02.23"]
[Round "4"]
[White "Dominguez Perez, Leinier"]
[Black "Topalov, Veselin"]
[Result "0-1"]
[WhiteElo "2739"]
[BlackElo "2740"]
[PlyCount "80"]
[EventDate "2019.02.23"]

1. e4 e5 2. Nf3 Nc6 3. Bc4 Bc5 4. c3 Nf6 5. d3 a6 6. Nbd2 O-O 7. O-O d6 8. Bb3
h6 9. Re1 Re8 10. Nf1 Ba7 11. Ng3 Be6 12. Bc2 d5 13. exd5 Bxd5 14. h3 Qd7 15.
Nh4 Bc5 16. Nhf5 Bf8 17. Be3 Rad8 18. Qd2 Be6 19. Nxh6+ gxh6 20. Bxh6 Nh7 21.
d4 f5 22. Rad1 f4 23. Bxf8 Rxf8 24. Ne4 Qg7 25. Kh2 exd4 26. Nc5 Bd5 27. Be4
Bxe4 28. Rxe4 dxc3 29. Qc2 Rxd1 30. Qxd1 cxb2 31. Ne6 Qg6 32. f3 Ng5 33. Nxg5
Qxg5 34. Qb3+ Rf7 35. Qxb2 Rg7 36. Re2 b6 37. Qc2 Ne7 38. Qxc7 Nf5 39. Qxb6 Ne3
40. Qe6+ Kh7 0-1

[Event "Champions Showdown (blitz) 2019"]
[Site "Saint Louis USA"]
[Date "2019.02.23"]
[Round "5"]
[White "Harikrishna, Pentala"]
[Black "Caruana, Fabiano"]
[Result "0-1"]
[WhiteElo "2726"]
[BlackElo "2828"]
[PlyCount "67"]
[EventDate "2019.02.23"]

1. d4 Nf6 2. Nf3 d5 3. e3 c5 4. c3 Nc6 5. dxc5 a5 6. Bb5 e6 7. b4 Bd7 8. Bb2 b6
9. Bxc6 Bxc6 10. Nd4 Qd7 11. cxb6 axb4 12. O-O Ba4 13. Qf3 e5 14. Nf5 Bc2 15.
Ng3 h5 16. Rc1 Bd3 17. cxb4 Bd6 18. Nc3 Bxb4 19. e4 Bxc3 20. Bxc3 dxe4 21. Qf5
O-O 22. Bxe5 Ra5 23. Qxd7 Nxd7 24. Bc7 h4 25. Nf1 Re8 26. Ne3 Re6 27. b7 Rb5
28. a4 Rxb7 29. a5 Ra6 30. h3 Kh7 31. Nd5 Rb5 32. Ne3 Nc5 33. Bb6 Nb3 34. Ra3
0-1

[Event "Champions Showdown (blitz) 2019"]
[Site "Saint Louis USA"]
[Date "2019.02.23"]
[Round "5"]
[White "Duda, Jan-Krzysztof"]
[Black "Nakamura, Hikaru"]
[Result "1-0"]
[WhiteElo "2731"]
[BlackElo "2749"]
[PlyCount "71"]
[EventDate "2019.02.23"]

1. c4 Nf6 2. Nc3 e6 3. e4 d5 4. cxd5 exd5 5. e5 Ne4 6. Nf3 Bf5 7. d3 Nxc3 8.
bxc3 c5 9. d4 c4 10. a4 Nc6 11. Be2 Be7 12. Ba3 Bxa3 13. Rxa3 f6 14. Ra2 O-O
15. O-O Qa5 16. Qd2 Rae8 17. exf6 Rxf6 18. Bd1 Rfe6 19. Rb2 Qc7 20. Ng5 Rf6 21.
Bh5 Rd8 22. Re1 h6 23. Nf3 g6 24. Qxh6 Rdf8 25. Qg5 Be4 26. Nd2 Bf5 27. Bf3 Qf7
28. Rb5 Rd6 29. g4 Be4 30. Re3 a6 31. Rb6 Qc7 32. Bxe4 dxe4 33. Nxe4 Qxb6 34.
Nxd6 Qb1+ 35. Kg2 Qc2 36. Nf5 1-0

[Event "Champions Showdown (blitz) 2019"]
[Site "Saint Louis USA"]
[Date "2019.02.23"]
[Round "5"]
[White "Navara, David"]
[Black "So, Wesley"]
[Result "1-0"]
[WhiteElo "2738"]
[BlackElo "2765"]
[PlyCount "113"]
[EventDate "2019.02.23"]

1. c4 c5 2. Nf3 Nc6 3. Nc3 Nf6 4. d4 cxd4 5. Nxd4 e6 6. g3 Qb6 7. Ndb5 Ne5 8.
Bg2 a6 9. Na4 Qd8 10. Nbc3 Nxc4 11. b3 Ne5 12. Bf4 d6 13. Qd4 Nc6 14. Bxc6+
bxc6 15. Rd1 d5 16. e4 Be7 17. Nb6 c5 18. Qa4+ Bd7 19. Nxd7 Qxd7 20. Qxd7+ Kxd7
21. exd5 Nxd5 22. Nxd5 exd5 23. Rxd5+ Kc6 24. Rf5 f6 25. Be3 g6 26. Rf4 Rhb8
27. Ke2 Rb4 28. Rc1 Rxf4 29. Bxf4 a5 30. Rc4 f5 31. Be3 h5 32. h4 Bd6 33. Kd3
Rd8 34. Kc2 Re8 35. Kb2 Re5 36. Ka3 Kb5 37. Kb2 Rd5 38. Kc2 Kc6 39. Rc3 Re5 40.
Rd3 Re4 41. Rc3 Re6 42. Rc4 Re8 43. a3 Re6 44. Bxc5 Bxc5 45. b4 axb4 46. axb4
Kb5 47. Rxc5+ Kxb4 48. Rc7 Re2+ 49. Kd3 Rxf2 50. Ke3 Rg2 51. Kf3 Ra2 52. Rc6
Kb5 53. Rxg6 Ra5 54. Kf4 Kc4 55. Rf6 Kd3 56. Rxf5 Ra4+ 57. Kf3 1-0

[Event "Champions Showdown (blitz) 2019"]
[Site "Saint Louis USA"]
[Date "2019.02.23"]
[Round "5"]
[White "Topalov, Veselin"]
[Black "Dominguez Perez, Leinier"]
[Result "0-1"]
[WhiteElo "2740"]
[BlackElo "2739"]
[PlyCount "64"]
[EventDate "2019.02.23"]

1. d4 d5 2. c4 dxc4 3. e3 Nf6 4. Bxc4 e6 5. Nf3 c5 6. O-O Nc6 7. Qe2 a6 8. Rd1
b5 9. dxc5 Qc7 10. Bd3 Nb4 11. a4 bxa4 12. Nc3 Bxc5 13. Nxa4 Be7 14. Bb1 O-O
15. e4 Bb7 16. Bg5 Rfd8 17. Rc1 Qa5 18. e5 Qb5 19. Qe1 Bxf3 20. gxf3 Nfd5 21.
Nc3 Nxc3 22. Bxe7 Ne2+ 23. Kg2 Nxc1 24. Bxd8 Rxd8 25. Qxc1 Qxe5 26. Ra3 Nd5 27.
Ra4 g6 28. Ba2 Ne7 29. Rxa6 Rb8 30. Qc3 Qg5+ 31. Kf1 Rc8 32. Qe3 Qb5+ 0-1

[Event "Champions Showdown (blitz) 2019"]
[Site "Saint Louis USA"]
[Date "2019.02.23"]
[Round "5"]
[White "Rapport, Richard"]
[Black "Shankland, Samuel"]
[Result "1-0"]
[WhiteElo "2735"]
[BlackElo "2731"]
[PlyCount "61"]
[EventDate "2019.02.23"]

1. d4 Nf6 2. Nc3 d5 3. Bf4 g6 4. e3 Bg7 5. Nb5 Na6 6. Nf3 O-O 7. h3 Bf5 8. c3
c6 9. Na3 Nc7 10. Be2 Be4 11. O-O Bxf3 12. Bxf3 Nd7 13. e4 e5 14. dxe5 Nxe5 15.
Bxe5 Bxe5 16. exd5 cxd5 17. Qb3 Qf6 18. Bxd5 Rad8 19. Rad1 b6 20. Bb7 Ne6 21.
Rxd8 Rxd8 22. Rd1 Nc5 23. Rxd8+ Qxd8 24. Qd5 Qg5 25. g3 Qc1+ 26. Kg2 Bxc3 27.
Nc4 Bxb2 28. Bc8 Qc3 29. Nd6 Qf6 30. Ba6 Bd4 31. Qa8+ 1-0

[Event "Champions Showdown (blitz) 2019"]
[Site "Saint Louis USA"]
[Date "2019.02.23"]
[Round "6"]
[White "Caruana, Fabiano"]
[Black "Harikrishna, Pentala"]
[Result "1/2-1/2"]
[WhiteElo "2828"]
[BlackElo "2726"]
[PlyCount "105"]
[EventDate "2019.02.23"]

1. c4 e5 2. Nc3 Bb4 3. Nd5 Be7 4. Nf3 d6 5. e4 Nf6 6. Nxe7 Qxe7 7. d3 O-O 8.
Be2 Bg4 9. O-O Nc6 10. Be3 Bxf3 11. Bxf3 Nd7 12. Bg4 Nc5 13. g3 a6 14. Qd2 b5
15. cxb5 axb5 16. Rfc1 Nd4 17. Bxd4 exd4 18. Be2 f5 19. exf5 Rxf5 20. Bf1 Qf7
21. Re1 Rxa2 22. Rxa2 Qxa2 23. Bh3 Re5 24. Rxe5 dxe5 25. Qg5 Qf7 26. b4 Nd7 27.
Qd8+ Nf8 28. Bg2 Qf6 29. Bd5+ Kh8 30. Qxc7 h5 31. h4 Kh7 32. Be4+ Kg8 33. Qb8
g5 34. hxg5 Qxg5 35. Bd5+ Kg7 36. Qb7+ Kh6 37. Qxb5 h4 38. Kh2 hxg3+ 39. fxg3
Qd2+ 40. Bg2 Ng6 41. Qa6 e4 42. dxe4 d3 43. Qd6 Qe2 44. g4 d2 45. g5+ Kxg5 46.
Qg3+ Kh6 47. Qh3+ Kg7 48. Qd7+ Kf6 49. Qf5+ Kg7 50. Qd7+ Kh6 51. Qh3+ Kg5 52.
Qf5+ Kh6 53. Qh3+ 1/2-1/2

[Event "Champions Showdown (blitz) 2019"]
[Site "Saint Louis USA"]
[Date "2019.02.23"]
[Round "6"]
[White "Nakamura, Hikaru"]
[Black "Duda, Jan-Krzysztof"]
[Result "1-0"]
[WhiteElo "2749"]
[BlackElo "2731"]
[PlyCount "169"]
[EventDate "2019.02.23"]

1. c4 e5 2. Nc3 Nc6 3. g3 g6 4. Bg2 Bg7 5. e3 d6 6. Nge2 f5 7. d4 Nf6 8. dxe5
dxe5 9. Qxd8+ Nxd8 10. e4 c6 11. exf5 Bxf5 12. h3 Ne6 13. Be3 Bd3 14. b3 O-O-O
15. Rd1 Bf8 16. Nc1 Bb4 17. Rxd3 Rxd3 18. Nxd3 Bxc3+ 19. Ke2 Nd4+ 20. Bxd4 Bxd4
21. Rd1 Kc7 22. Ne1 a5 23. Nc2 Bc5 24. a3 Ra8 25. h4 Ng4 26. Bh3 Nxf2 27. Rd7+
Kb6 28. Bg2 Ng4 29. b4 axb4 30. axb4 Bd4 31. c5+ Ka6 32. Be4 Rf8 33. Bd3+ Ka7
34. Nxd4 exd4 35. b5 cxb5 36. Be4 Re8 37. Rxb7+ Ka6 38. Rb6+ Ka5 39. Kf3 Ne5+
40. Kf4 Nc4 41. Rb7 Rf8+ 42. Kg5 Kb4 43. Rc7 Rd8 44. c6 Ne5 45. Re7 Nxc6 46.
Bxc6 d3 47. Bf3 d2 48. Rxh7 Rd3 49. Be2 Rxg3+ 50. Kf4 Rd3 51. Bd1 Ka3 52. Ke4
Rd6 53. Ke3 b4 54. Rb7 Rd5 55. Ke2 Rd4 56. Bc2 Rxh4 57. Kxd2 Kb2 58. Bxg6 Rh2+
59. Ke3 b3 60. Bf7 Rh3+ 61. Kd4 Kc2 62. Bg6+ Kc1 63. Rf7 Kb2 64. Be4 Ka3 65.
Ra7+ Kb2 66. Bd3 Rh4+ 67. Ke3 Rh2 68. Rf7 Kc3 69. Rc7+ Kb2 70. Bc4 Rc2 71. Kd4
Kc1 72. Rh7 Kb2 73. Rh3 Rd2+ 74. Kc5 Rg2 75. Kb4 Kc1 76. Kc3 Rc2+ 77. Kxb3 Rb2+
78. Kc3 Rc2+ 79. Kd4 Rd2+ 80. Bd3 Kb2 81. Rh8 Rf2 82. Rb8+ Kc1 83. Ke3 Rb2 84.
Rc8+ Kd1 85. Rg8 1-0